মৃত গাধা উঠল জেগে / (Record no. 13269)
[ view plain ]
| 000 -LEADER | |
|---|---|
| fixed length control field | 00920nam a2200265 a 4500 |
| 001 - CONTROL NUMBER | |
| JCCL Control Number | 13269 |
| 003 - CONTROL NUMBER IDENTIFIER | |
| JCCL marc code | BD-JhCC |
| 005 - DATE AND TIME OF LATEST TRANSACTION | |
| control field | 20230808083010.0 |
| 008 - FIXED-LENGTH DATA ELEMENTS--GENERAL INFORMATION | |
| fixed length control field | 230726s20192021bg a|||| ||a| 000 0 ben d |
| 020 ## - INTERNATIONAL STANDARD BOOK NUMBER | |
| International Standard Book Number | 9789848046661 |
| 035 ## - SYSTEM CONTROL NUMBER | |
| system control number | (BD-JhCC)13269 |
| 040 ## - CATALOGING SOURCE | |
| Original cataloging agency | BD-JhCC |
| Modifying agency | BD-JhCC |
| 041 ## - LANGUAGE CODE | |
| Language code of Book | bengali |
| 082 ## - DEWEY DECIMAL CLASSIFICATION NUMBER | |
| Classification number | 398.20956 |
| Author mark and Year | MOS 2021 |
| 100 ## - MAIN ENTRY--PERSONAL NAME | |
| Personal name | মোসলেহ্ , তাবাস্সুম |
| 245 ## - TITLE STATEMENT | |
| Title | মৃত গাধা উঠল জেগে / |
| Statement of responsibility, etc | তাবাস্সুম মোসলেহ্ , সম্পা: আবু তাসমিয়া আহমদ রফিক। |
| 260 ## - PUBLICATION, DISTRIBUTION, ETC. (IMPRINT) | |
| Place of publication, distribution, etc | ঢাকা : |
| Name of publisher, distributor, etc | sean publication; |
| Date of publication, distribution, etc | 2021. |
| 300 ## - PHYSICAL DESCRIPTION | |
| Pagination | 20 p. : |
| Dimensions | 17 cm. |
| 490 ## - SERIES STATEMENT | |
| Series statement | Level-1 |
| 504 ## - BIBLIOGRAPHY, ETC. NOTE | |
| Bibliography, etc | Includes Bibliography. |
| 650 ## - SUBJECT ADDED ENTRY--TOPICAL TERM | |
| Topical term or geographic name as entry element | Juvenile Literature |
| 650 ## - SUBJECT ADDED ENTRY--TOPICAL TERM | |
| Topical term or geographic name as entry element | Islamic story |
| 700 ## - ADDED ENTRY--PERSONAL NAME | |
| Personal name | রফিক, আবু তাসমিয়া আহমদ |
| 942 ## - ADDED ENTRY ELEMENTS (KOHA) | |
| Source of classification or shelving scheme | Dewey Decimal Classification |
| Koha item type | Books |
| Source of classification or shelving scheme | Damaged status | Not for loan | Home library | Current library | Shelving location | Date of accession | Cost, normal purchase price | Total Checkouts | Full call number | Barcode | Date last seen | Date checked out | Copy number | Method of acquisition | Koha item type | Currency |
|---|---|---|---|---|---|---|---|---|---|---|---|---|---|---|---|---|
| Dewey Decimal Classification | JCC Rouf Library | JCC Rouf Library | General Stacks | 08/08/2023 | 105.00 | 3 | 398.20956 MOS 2021 | 18455 | 12/11/2024 | 12/10/2024 | C-1 | Purchase | Books | BDT |